| 000 | 00866nam a2200229 i 4500 | ||
|---|---|---|---|
| 001 | 185408 | ||
| 003 | SpMaBN | ||
| 005 | 20260318063017.0 | ||
| 008 | 160531s1989 sp a |||| |dspa d | ||
| 020 | _a84-85354-27-3 | ||
| 080 | _a821.112.2-31"17" | ||
| 100 | 1 |
_aHoffmann, Ernst T. A. _d1776-1822 _9242917 |
|
| 245 | 1 | 4 |
_aLos elixires del diablo _b: (papeles póstumos del hermano Medardo, un capuchino) / _cE.T.A. Hoffmann ; traducción [y prólogo] de Carmen Bravo-Villasante. |
| 250 | _aEd. de 2.000 ejemp. numerados. | ||
| 260 |
_aPalma de Mallorca : _bJosé J. de Olañeta, _c[1989] |
||
| 300 |
_a302 p. : _b4 il. ; _c24 cm. |
||
| 490 | 1 |
_aHesperus ; _v14 |
|
| 700 | 1 |
_aBravo-Villasante, Carmen, _d1918-1994 _931507 |
|
| 830 | 0 |
_aHesperus ; _v14 _9177365 |
|
| 852 |
_aES-MaACL _jL-30298 _z. - Donat. Miguel A. Velasco |
||
| 999 |
_c185408 _d185408 |
||